Normal view
MARC view
- Sajina V. S
Entry Personal Name
001 - CONTROL NUMBER
- control field: 3667
003 - CONTROL NUMBER IDENTIFIER
- control field: OSt
005 - DATE AND TIME OF LATEST TRANSACTION
- control field: 20181010151745.0
008 - FIXED-LENGTH DATA ELEMENTS
- fixed length control field: 181010|| aca||aabn | a|a d
040 ## - CATALOGING SOURCE
- Original cataloging agency: OSt
- Transcribing agency: OSt
100 ## - HEADING--PERSONAL NAME
- Personal name: Sajina V. S
670 ## - SOURCE DATA FOUND
- Source citation: Work cat.: (OSt)15149: ANITHA KRISHNAN V. C 3666, Clogging effects of drip emitter with fresh water and muddy water
